[Event "Pan American-ch School U13"]
[Site "Medellin"]
[Date "2019.11.14"]
[Round "5"]
[White "Vargas Martinez, Matias Jeanpaul"]
[Black "Olaya, Horacio"]
[Result "1-0"]
[WhiteElo "1208"]
[BlackElo "1466"]
[PlyCount "90"]
[EventDate "2019.11.12"]
[EventType "swiss"]
[EventRounds "9"]
[EventCountry "COL"]
[SourceTitle "CBM 193 Extra"]
[Source "ChessBase"]
[SourceDate "2020.01.31"]
[SourceVersion "1"]
[SourceVersionDate "2020.01.31"]
[SourceQuality "1"]

1. d4 f5 2. Nf3 Nf6 3. g3 g6 4. Bg2 Bg7 5. c4 d6 6. 0-0 0-0 7. Nc3 Qe8 8. b3 e5 9. d5 e4 10. Nd4 c5 11. dxc6 Nxc6 12. Ndb5 Qe5 13. Qxd6 Qxd6 14. Nxd6 a6 15. Nxc8 Raxc8 16. Rd1 Rfd8 17. Bb2 Nd4 18. e3 Nc6 19. Rxd8+ Rxd8 20. Rd1 Rxd1+ 21. Nxd1 Nb4 22. a3 Nd3 23. Bd4 Nd7 24. Bxg7 Kxg7 25. f3 exf3 26. Bxf3 N7c5 27. b4 Ne4 28. Bxe4 fxe4 29. Nc3 Ne5 30. c5 Nc4 31. Nxe4 Nxe3 32. Nd6 Nc2 33. Nxb7 Nxa3 34. Nd6 Kf8 35. c6 Ke7 36. c7 Kxd6 37. c8Q Kd5 38. Qxa6 Nc4 39. b5 Kc5 40. Qc6+ Kd4 41. Qxc4+ Kxc4 42. b6 h5 43. b7 g5 44. b8Q h4 45. gxh4 gxh4 1-0

[Event "Pan American-ch School U13"]
[Site "Medellin"]
[Date "2019.11.13"]
[Round "3"]
[White "Vargas Martinez, Matias Jeanpaul"]
[Black "Molina Ballesteros, Juan Sebastian"]
[Result "1-0"]
[WhiteElo "1208"]
[BlackElo "1530"]
[PlyCount "63"]
[EventDate "2019.11.12"]
[EventType "swiss"]
[EventRounds "9"]
[EventCountry "COL"]
[SourceTitle "CBM 193 Extra"]
[Source "ChessBase"]
[SourceDate "2020.01.31"]
[SourceVersion "1"]
[SourceVersionDate "2020.01.31"]
[SourceQuality "1"]

1. d4 Nf6 2. g3 e6 3. Bg2 d5 4. Nf3 b6 5. 0-0 Bd6 6. c4 Bb7 7. Nc3 0-0 8. b3 Nbd7 9. Bb2 c5 10. dxc5 Bxc5 11. cxd5 exd5 12. Qd3 Nb8 13. Rfd1 Na6 14. Ne1 Nc7 15. Nc2 Rb8 16. Rd2 Ba6 17. Qf5 Bc8 18. Qf4 Re8 19. Nxd5 Nfxd5 20. Bxd5 Qe7 21. Bc6 Rf8 22. b4 g5 23. Qf6 Qxf6 24. Bxf6 Bf5 25. bxc5 bxc5 26. Be5 Rb6 27. Bg2 Ne6 28. Ne3 Bg6 29. Nd5 Rd8 30. Nf6+ Kf8 31. Rxd8+ Nxd8 32. Nd7+ 1-0

[Event "Pan American-ch School U13"]
[Site "Medellin"]
[Date "2019.11.12"]
[Round "2"]
[White "Reque Chafloque, Anthony"]
[Black "Vargas Martinez, Matias Jeanpaul"]
[Result "1-0"]
[WhiteElo "1638"]
[BlackElo "1208"]
[PlyCount "113"]
[EventDate "2019.11.12"]
[EventType "swiss"]
[EventRounds "9"]
[EventCountry "COL"]
[SourceTitle "CBM 193 Extra"]
[Source "ChessBase"]
[SourceDate "2020.01.31"]
[SourceVersion "1"]
[SourceVersionDate "2020.01.31"]
[SourceQuality "1"]

1. e4 e6 2. d4 d5 3. Nc3 Bb4 4. e5 c5 5. a3 Bxc3+ 6. bxc3 Qa5 7. Bd2 Qa4 8. Qg4 Kf8 9. Qd1 c4 10. f4 Nc6 11. Nf3 Nge7 12. Be2 Qa5 13. a4 Qd8 14. Bc1 g6 15. Qd2 Nf5 16. 0-0 Bd7 17. Kh1 b6 18. g4 Nh4 19. f5 Nxf3 20. Qh6+ Kg8 21. f6 Qf8 22. Rxf3 Rb8 23. Bg5 a6 24. Qg7+ Qxg7 25. fxg7 Kxg7 26. Bf6+ Kg8 27. Bxh8 Kxh8 28. Rxf7 Bc8 29. Rf6 Bd7 30. Raf1 Kg8 31. Rf7 Be8 32. Rf8+ Kg7 33. g5 Ne7 34. R1f7+ Bxf7 35. Rxb8 b5 36. axb5 axb5 37. Rxb5 Nf5 38. Kg1 Ne3 39. Rb2 Nf5 40. Kf2 Kg8 41. Rb7 Kf8 42. Bg4 Kg7 43. Ke2 Kg8 44. Kf3 Kf8 45. Bxf5 gxf5 46. h4 Kg8 47. Kf4 Kf8 48. h5 Kg7 49. h6+ Kf8 50. Rb8+ Ke7 51. Ra8 Bg6 52. Ra7+ Kf8 53. Rg7 Bf7 54. Rxh7 Kg8 55. Rg7+ Kf8 56. g6 Bg8 57. Ra7 1-0

[Event "Pan American-ch School U13"]
[Site "Medellin"]
[Date "2019.11.12"]
[Round "1"]
[White "Vargas Martinez, Matias Jeanpaul"]
[Black "Guarin Fonseca, Nobel Alfredo"]
[Result "1-0"]
[WhiteElo "1208"]
[BlackElo "1701"]
[PlyCount "118"]
[EventDate "2019.11.12"]
[EventType "swiss"]
[EventRounds "9"]
[EventCountry "COL"]
[SourceTitle "CBM 193 Extra"]
[Source "ChessBase"]
[SourceDate "2020.01.31"]
[SourceVersion "1"]
[SourceVersionDate "2020.01.31"]
[SourceQuality "1"]

1. d4 d5 2. c4 dxc4 3. Nf3 Nf6 4. g3 e6 5. Bg2 c5 6. 0-0 Nc6 7. dxc5 Bxc5 8. Qxd8+ Kxd8 9. Nbd2 Ke7 10. Nxc4 Rd8 11. Bf4 Nd5 12. Be5 b5 13. Ncd2 f6 14. Rfc1 Bxf2+ 15. Kxf2 Nxe5 16. Nxe5 fxe5 17. Nf3 Rf8 18. Kg1 Bd7 19. Nxe5 Rac8 20. Rd1 Nb6 21. Nxd7 Nxd7 22. Rac1 Nb6 23. Bc6 b4 24. Be4 h6 25. Bb7 Rxc1 26. Rxc1 Rd8 27. Bf3 Rd2 28. Rc7+ Rd7 29. Rxd7+ Kxd7 30. b3 Kd6 31. Kf2 Ke5 32. Ke3 Nc8 33. Kd3 Nd6 34. e3 a5 35. g4 Nb5 36. Kc4 Nc3 37. a3 Nd5 38. axb4 Nxe3+ 39. Kd3 Kf4 40. bxa5 Kxf3 41. a6 Nd5 42. a7 Nc7 43. b4 e5 44. b5 Na8 45. Kc4 e4 46. Kc5 e3 47. b6 e2 48. b7 Nc7 49. a8Q Nxa8 50. bxa8Q+ Kf2 51. Qf8+ Kg1 52. Qe7 Kf2 53. Qf7+ Kg1 54. Qe6 Kf2 55. Qf5+ Kg1 56. Qe4 Kf2 57. Qf4+ Kg1 58. Qe3+ Kf1 59. Qf3+ Ke1 1-0